00921nam a2200229 a 4500001001000000003000500010005001700015008004100032010001100073011001100084040000900095100003900104245018100143260004100324500006000365502007100425650003300496650004000529650002400569650002800593856007000621000115198CHAP20220329144522.0181126s2018 mx a sm |||||||spa d a111659 a112631 cCHAP1 aCoxcahua Coxcahua, José Donaldo.10aDesarrollo vegetativo de betabel (Beta vulgaris L.) con nutrición química-orgánica en siembra directa y transplante /h[En línea]cpor José Donaldo Coxcahua Coxcahua. aChapingo, Méx. :bEl autor,c2018. aPara ver el contenido del material haga clic en la liga aTesis (Ing. Agr. Esp. en Fitotecnia) -- Departamento de Fitotecnia aRemolachaxFechas de siembra14aFertilizantesxEfecto en remolacha.14aPotasio en plantas.14aRemolachaxRendimiento. aFinding aiduhttp://10.13.5.2/tesis/sist115198.pdfzTeclea aquí